[Event "Stay Safe Play From Home 312"]
[Site "Emanuel Lasker Arena"]
[Date "2020.07.17"]
[Round "1"]
[White "Chesstiger9"]
[Black "Dukic"]
[Result "1-0"]
[WhiteElo "2141"]
[BlackElo "1894"]
[PlyCount "59"]
[EventDate "2020.07.17"]
[EventType "swiss (blitz)"]

{Volkov, Yuri} 1. d4 {[%emt 0:00:02]} c6 {[%emt 0:00:04]} 2. Nf3 {[%emt 0:00:01]} d6 {[%emt 0:00:02]} 3. e4 {[%emt 0:00:03]} Bg4 {[%emt 0:00:02]} 4. h3 {[%emt 0:00:02]} Bh5 {[%emt 0:00:02]} 5. g4 {[%emt 0:00:03]} Bg6 {[%emt 0:00:02]} 6. Bd3 {[%emt 0:00:01]} Nd7 {[%emt 0:00:02]} 7. h4 {[%emt 0:00:03]} h6 {[%emt 0:00:19]} 8. e5 {[%emt 0:00:06]} Bxd3 {[%emt 0:00:06]} 9. Qxd3 {[%emt 0:00:01]} dxe5 {[%emt 0:00:01]} 10. dxe5 {[%emt 0:00:00]} e6 {[%emt 0:00:13]} 11. Nc3 {[%emt 0:00:05]} Qc7 {[%emt 0:00:05]} 12. Bf4 {[%emt 0:00:04]} Nc5 {[%emt 0:00:07]} 13. Qe2 {[%emt 0:00:02]} Rd8 {[%emt 0:00:02]} 14. O-O {[%emt 0:00:04]} Ne7 {[%emt 0:00:05]} 15. Rad1 {[%emt 0:00:13]} Nd5 {[%emt 0:00:05]} 16. Nxd5 {[%emt 0:00:02]} cxd5 {[%emt 0:00:14]} 17. c4 {[%emt 0:00:24]} Be7 {[%emt 0:00:23]} 18. cxd5 {[%emt 0:00:02]} exd5 {[%emt 0:00:02]} 19. Bg3 {[%emt 0:00:06]} O-O {[%emt 0:00:06]} 20. Nd4 {[%emt 0:00:07]} Rfe8 {[%emt 0:00:20]} 21. Nf5 {[%emt 0:00:21]} Bf8 {[%emt 0:00:04]} 22. e6 {[%emt 0:00:12]} Qc6 {[%emt 0:00:52]} 23. e7 {[%emt 0:00:10]} Rc8 {[%emt 0:00:28]} 24. exf8=Q+ {[%emt 0:00:02]} Kxf8 {[%emt 0:00:01]} 25. Qf3 {[%emt 0:00:09]} Ne4 {[%emt 0:00:01]} 26. Bf4 {[%emt 0:00:09]} Re6 {[%emt 0:00:01]} 27. Nd4 {[%emt 0:00:03]} Qb6 {[%emt 0:00:03]} 28. Nxe6+ {[%emt 0:00:01]} Qxe6 {[%emt 0:00:02]} 29. Rfe1 {[%emt 0:00:04]} Kg8 {[%emt 0:00:04]} 30. Re2 {[%emt 0:00:14] Zeit ' (Lag: Av=0.45s, max=1.3s)} 1-0

[Event "Stay Safe Play From Home 312"]
[Site "Emanuel Lasker Arena"]
[Date "2020.07.17"]
[Round "1"]
[White "Haris kollari 13"]
[Black "Klasman"]
[Result "1-0"]
[WhiteElo "1907"]
[BlackElo "1601"]
[Annotator "NA"]
[PlyCount "67"]
[EventDate "2020.07.17"]
[EventType "swiss (blitz)"]

1. e4 {[%emt 0:00:03]} f5 {[%emt 0:00:01]} 2. e5 {[%emt 0:00:01]} d6 {[%emt 0:00:02]} 3. f4 {[%emt 0:00:01]} dxe5 {[%emt 0:00:01]} 4. fxe5 {[%emt 0:00:01]} Nc6 {[%emt 0:00:03]} 5. Nf3 {[%emt 0:00:01]} e6 {[%emt 0:00:03]} 6. d4 {[%emt 0:00:01]} Nge7 {[%emt 0:00:03]} 7. Bb5 {[%emt 0:00:04]} a6 {[%emt 0:00:02]} 8. Ba4 {[%emt 0:00:01]} g6 {[%emt 0:00:04]} 9. c3 {[%emt 0:00:03]} Bg7 {[%emt 0:00:03]} 10. Bg5 {[%emt 0:00:02]} b5 {[%emt 0:00:07]} 11. Bc2 {[%emt 0:00:02]} O-O {[%emt 0:00:07]} 12. Nbd2 {[%emt 0:00:03]} a5 {[%emt 0:00:01]} 13. Qe2 {[%emt 0:00:03]} b4 {[%emt 0:00:04]} 14. Bd3 {[%emt 0:00:08]} h6 {[%emt 0:00:08]} 15. Bh4 {[%emt 0:00:03]} g5 {[%emt 0:00:04]} 16. Bg3 {[%emt 0:00:03]} f4 {[%emt 0:00:01]} 17. Bf2 {[%emt 0:00:02]} Nf5 {[%emt 0:00:04]} 18. O-O {[%emt 0:00:04]} g4 {[%emt 0:00:09]} 19. Ne1 {[%emt 0:00:05]} Qg5 {[%emt 0:00:01]} 20. Ne4 {[%emt 0:00:04]} Qh5 {[%emt 0:00:10]} 21. h3 {[%emt 0:00:02]} gxh3 {[%emt 0:00:03]} 22. Qxh5 {[%emt 0:00:02]} hxg2 {[%emt 0:00:04]} 23. Nxg2 {[%emt 0:00:03]} Bd7 {[%emt 0:00:06]} 24. Nxf4 {[%emt 0:00:03]} Be8 {[%emt 0:00:01]} 25. Qg4 {[%emt 0:00:03]} Nce7 {[%emt 0:00:05]} 26. Nxe6 {[%emt 0:00:03]} Rf7 {[%emt 0:00:03]} 27. Ng3 {[%emt 0:00:04]} bxc3 {[%emt 0:00:06]} 28. bxc3 {[%emt 0:00:05]} Rb8 {[%emt 0:00:02]} 29. Nxf5 {[%emt 0:00:01]} Nxf5 {[%emt 0:00:05]} 30. Bxf5 {[%emt 0:00:01]} Rb2 {[%emt 0:00:02]} 31. Bg6 {[%emt 0:00:04]} Rfxf2 {[%emt 0:00:07]} 32. Rxf2 {[%emt 0:00:01]} Rxf2 {[%emt 0:00:01]} 33. Kxf2 {[%emt 0:00:01]} Bxg6 {[%emt 0:00:01]} 34. Qxg6 {[%emt 0:00:01] Klasman resigns (Lag: Av=0.48s, max=1.6s)} 1-0

[Event "Stay Safe Play From Home 312"]
[Site "Emanuel Lasker Arena"]
[Date "2020.07.17"]
[Round "1"]
[White "Timbre"]
[Black "Lazieri3"]
[Result "0-1"]
[WhiteElo "1655"]
[BlackElo "2036"]
[PlyCount "90"]
[EventDate "2020.07.17"]
[EventType "swiss (blitz)"]

1. d4 {[%emt 0:00:03]} d6 {[%emt 0:00:03]} 2. Nf3 {[%emt 0:00:01]} Nf6 {[%emt 0:00:00]} 3. c3 {[%emt 0:00:01]} Bf5 {[%emt 0:00:00]} 4. Bf4 {[%emt 0:00:02]} Nc6 {[%emt 0:00:04]} 5. e3 {[%emt 0:00:01]} g6 {[%emt 0:00:04]} 6. Bd3 {[%emt 0:00:03]} Bxd3 {[%emt 0:00:02]} 7. Qxd3 {[%emt 0:00:01]} Bg7 {[%emt 0:00:00]} 8. Nbd2 {[%emt 0:00:02]} O-O {[%emt 0:00:01]} 9. O-O {[%emt 0:00:01]} e5 {[%emt 0:00:07]} 10. dxe5 {[%emt 0:00:05]} dxe5 {[%emt 0:00:00]} 11. Qxd8 {[%emt 0:00:03]} Raxd8 {[%emt 0:00:03]} 12. Bg3 {[%emt 0:00:03]} e4 {[%emt 0:00:03]} 13. Nd4 {[%emt 0:00:02]} Nxd4 {[%emt 0:00:04]} 14. cxd4 {[%emt 0:00:02]} c5 {[%emt 0:00:01]} 15. Nb3 {[%emt 0:00:09]} cxd4 {[%emt 0:00:01]} 16. Nxd4 {[%emt 0:00:02]} Nh5 {[%emt 0:00:01]} 17. Nb5 {[%emt 0:00:12]} Nxg3 {[%emt 0:00:02]} 18. hxg3 {[%emt 0:00:02]} a6 {[%emt 0:00:05]} 19. Nc3 {[%emt 0:00:10]} Bxc3 {[%emt 0:00:02]} 20. bxc3 {[%emt 0:00:02]} Rd3 {[%emt 0:00:00]} 21. Rfc1 {[%emt 0:00:02]} Rc8 {[%emt 0:00:00]} 22. c4 {[%emt 0:00:01]} Rd2 {[%emt 0:00:01]} 23. a4 {[%emt 0:00:03]} Rb2 {[%emt 0:00:06]} 24. c5 {[%emt 0:00:02]} Rd8 {[%emt 0:00:02]} 25. Rc4 {[%emt 0:00:03]} Rdd2 {[%emt 0:00:02]} 26. Rf1 {[%emt 0:00:01]} f5 {[%emt 0:00:01]} 27. c6 {[%emt 0:00:02]} bxc6 {[%emt 0:00:02]} 28. Rxc6 {[%emt 0:00:01]} a5 {[%emt 0:00:11]} 29. Rc5 {[%emt 0:00:03]} Kg7 {[%emt 0:00:01]} 30. Rxa5 {[%emt 0:00:01]} Kh6 {[%emt 0:00:01]} 31. Ra7 {[%emt 0:00:02]} Ra2 {[%emt 0:00:01]} 32. a5 {[%emt 0:00:01]} Ra3 {[%emt 0:00:01]} 33. a6 {[%emt 0:00:01]} Rda2 {[%emt 0:00:01]} 34. Rd1 {[%emt 0:00:04]} Rxa6 {[%emt 0:00:02]} 35. Rf7 {[%emt 0:00:04]} Ra1 {[%emt 0:00:04]} 36. Rxa1 {[%emt 0:00:02]} Rxa1+ {[%emt 0:00:00]} 37. Kh2 {[%emt 0:00:01]} Rf1 {[%emt 0:00:03]} 38. Rc7 {[%emt 0:00:06]} Rxf2 {[%emt 0:00:01]} 39. Rc3 {[%emt 0:00:03]} Kg5 {[%emt 0:00:02]} 40. Kg1 {[%emt 0:00:02]} Re2 {[%emt 0:00:02]} 41. Kh2 {[%emt 0:00:01]} Rd2 {[%emt 0:00:01]} 42. Kh3 {[%emt 0:00:02]} h5 {[%emt 0:00:03]} 43. Rc1 {[%emt 0:00:08]} Re2 {[%emt 0:00:06]} 44. Rc3 {[%emt 0:00:01]} Re1 {[%emt 0:00:00]} 45. Rb3 {[%emt 0:00:02]} Rh1# {[%emt 0:00:02] (Lag: Av=0.52s, max=1.0s)} 0-1

[Event "Stay Safe Play From Home 312"]
[Site "Emanuel Lasker Arena"]
[Date "2020.07.17"]
[Round "2"]
[White "Patzeroglu"]
[Black "Haris kollari 13"]
[Result "0-1"]
[WhiteElo "1912"]
[BlackElo "1912"]
[Annotator "NA"]
[PlyCount "92"]
[EventDate "2020.07.17"]
[EventType "swiss (blitz)"]

1. e4 {[%emt 0:00:02]} e6 {[%emt 0:00:01]} 2. d4 {[%emt 0:00:05]} d5 {[%emt 0:00:01]} 3. Nc3 {[%emt 0:00:05]} Nf6 {[%emt 0:00:01]} 4. Bg5 {[%emt 0:00:22]} Be7 {[%emt 0:00:01]} 5. e5 {[%emt 0:00:04]} Nfd7 {[%emt 0:00:01]} 6. Bxe7 {[%emt 0:00:01]} Qxe7 {[%emt 0:00:01]} 7. f4 {[%emt 0:00:00]} a6 {[%emt 0:00:01]} 8. Nf3 {[%emt 0:00:14]} c5 {[%emt 0:00:01]} 9. Bd3 {[%emt 0:00:01]} Nc6 {[%emt 0:00:06]} 10. O-O {[%emt 0:00:05]} c4 {[%emt 0:00:02]} 11. Be2 {[%emt 0:00:04]} b5 {[%emt 0:00:01]} 12. Qe1 {[%emt 0:00:06]} Nb6 {[%emt 0:00:05]} 13. a4 {[%emt 0:00:20]} b4 {[%emt 0:00:02]} 14. a5 {[%emt 0:00:02]} bxc3 {[%emt 0:00:02]} 15. axb6 {[%emt 0:00:02]} cxb2 {[%emt 0:00:01]} 16. Rb1 {[%emt 0:00:05]} Qa3 {[%emt 0:00:03]} 17. c3 {[%emt 0:00:04]} Rb8 {[%emt 0:00:04]} 18. f5 {[%emt 0:00:07]} Rxb6 {[%emt 0:00:02]} 19. Qg3 {[%emt 0:00:04]} Ne7 {[%emt 0:00:25]} 20. Qxg7 {[%emt 0:00:14]} Rg8 {[%emt 0:00:02]} 21. Qxh7 {[%emt 0:00:01]} exf5 {[%emt 0:00:02]} 22. Nh4 {[%emt 0:00:06]} Qxc3 {[%emt 0:00:05]} 23. Bh5 {[%emt 0:00:05]} Be6 {[%emt 0:00:01]} 24. Nxf5 {[%emt 0:00:06]} Rf8 {[%emt 0:00:12]} 25. Nd6+ {[%emt 0:00:10]} Rxd6 {[%emt 0:00:18]} 26. exd6 {[%emt 0:00:00]} Qxd4+ {[%emt 0:00:07]} 27. Kh1 {[%emt 0:00:03]} Nc8 {[%emt 0:00:09]} 28. Bxf7+ {[%emt 0:00:19]} Bxf7 {[%emt 0:00:03]} 29. Rbe1+ {[%emt 0:00:03]} Kd7 {[%emt 0:00:02]} 30. Rxf7+ {[%emt 0:00:03]} Rxf7 {[%emt 0:00:07]} 31. Qxf7+ {[%emt 0:00:00]} Kxd6 {[%emt 0:00:00]} 32. h3 {[%emt 0:00:36]} Nb6 {[%emt 0:00:10]} 33. Re6+ {[%emt 0:00:13]} Kc5 {[%emt 0:00:02]} 34. Qf8+ {[%emt 0:00:10]} Kb5 {[%emt 0:00:03]} 35. Qe8+ {[%emt 0:00:01]} Kb4 {[%emt 0:00:03]} 36. Rxb6+ {[%emt 0:00:02]} Qxb6 {[%emt 0:00:03]} 37. Qe1+ {[%emt 0:00:00]} Kb3 {[%emt 0:00:01]} 38. Qb1 {[%emt 0:00:02]} c3 {[%emt 0:00:02]} 39. h4 {[%emt 0:00:04]} Qd4 {[%emt 0:00:01]} 40. Qg6 {[%emt 0:00:03]} Qxh4+ {[%emt 0:00:04]} 41. Kg1 {[%emt 0:00:00]} Qe1+ {[%emt 0:00:01]} 42. Kh2 {[%emt 0:00:01]} b1=Q {[%emt 0:00:01]} 43. Qb6+ {[%emt 0:00:02]} Kc4 {[%emt 0:00:01]} 44. Qc6+ {[%emt 0:00:01]} Kd4 {[%emt 0:00:01]} 45. Qf6+ {[%emt 0:00:01]} Qe5+ {[%emt 0:00:01]} 46. Qxe5+ {[%emt 0:00:02]} Kxe5 {[%emt 0:00:01] Patzeroglu resigns (Lag: Av=1.42s, max=4.1s)} 0-1

[Event "Stay Safe Play From Home 312"]
[Site "Emanuel Lasker Arena"]
[Date "2020.07.17"]
[Round "2"]
[White "Cirovicz"]
[Black "Timbre"]
[Result "1-0"]
[WhiteElo "1828"]
[BlackElo "1652"]
[Annotator "NA RC"]
[PlyCount "107"]
[EventDate "2020.07.17"]
[EventType "swiss (blitz)"]

1. e4 {[%emt 0:00:04]} c6 {[%emt 0:00:03]} 2. d4 {[%emt 0:00:02]} d5 {[%emt 0:00:01]} 3. e5 {[%emt 0:00:04]} Bf5 {[%emt 0:00:02]} 4. Nf3 {[%emt 0:00:01]} e6 {[%emt 0:00:01]} 5. Bd3 {[%emt 0:00:07]} Bg6 {[%emt 0:00:03]} 6. Bxg6 {[%emt 0:00:02]} hxg6 {[%emt 0:00:02]} 7. O-O {[%emt 0:00:02]} Ne7 {[%emt 0:00:02]} 8. Bf4 {[%emt 0:00:07]} a6 {[%emt 0:00:02]} 9. c4 {[%emt 0:00:38]} dxc4 {[%emt 0:00:09]} 10. Nc3 {[%emt 0:00:02]} Nd5 {[%emt 0:00:02]} 11. Bg5 {[%emt 0:00:09]} Be7 {[%emt 0:00:03]} 12. Bxe7 {[%emt 0:00:12]} Qxe7 {[%emt 0:00:02]} 13. Ne4 {[%emt 0:00:01]} Kf8 {[%emt 0:00:09]} 14. Nd6 {[%emt 0:00:07]} Kg8 {[%emt 0:00:02]} 15. Ng5 {[%emt 0:00:02]} Qxg5 {[%emt 0:00:09]} 16. b3 {[%emt 0:00:05]} cxb3 {[%emt 0:00:03]} 17. Qxb3 {[%emt 0:00:02]} Qf4 {[%emt 0:00:06]} 18. g3 {[%emt 0:00:05]} Qxd4 {[%emt 0:00:04]} 19. Qxb7 {[%emt 0:00:03]} Qa7 {[%emt 0:00:12]} 20. Qb3 {[%emt 0:00:30]} Nd7 {[%emt 0:00:04]} 21. Rab1 {[%emt 0:00:03]} Nxe5 {[%emt 0:00:05]} 22. Rfe1 {[%emt 0:00:22]} Ng4 {[%emt 0:00:05]} 23. Qf3 {[%emt 0:00:11]} Nxh2 {[%emt 0:00:10]} 24. Qe4 {[%emt 0:00:26]} Qe7 {[%emt 0:00:15]} 25. Nc4 {[%emt 0:00:05]} Qf6 {[%emt 0:00:05]} 26. Ne5 {[%emt 0:00:05]} Nc3 {[%emt 0:00:18]} 27. Qxc6 {[%emt 0:00:02]} Kh7 {[%emt 0:00:07]} 28. Qxc3 {[%emt 0:00:02]} Raf8 {[%emt 0:00:06]} 29. Qd3 {[%emt 0:00:05]} Kg8 {[%emt 0:00:05]} 30. Rb7 {[%emt 0:00:02]} Qg5 {[%emt 0:00:11]} 31. Nf3 {[%emt 0:00:09]} Nxf3+ {[%emt 0:00:02]} 32. Qxf3 {[%emt 0:00:01]} Qh6 {[%emt 0:00:02]} 33. Qg2 {[%emt 0:00:01]} Qd2 {[%emt 0:00:04]} 34. Reb1 {[%emt 0:00:01]} Qxa2 {[%emt 0:00:04]} 35. Rb8 {[%emt 0:00:01]} Qa3 {[%emt 0:00:01]} 36. Rxf8+ {[%emt 0:00:02]} Qxf8 {[%emt 0:00:02]} 37. Rb7 {[%emt 0:00:01]} f6 {[%emt 0:00:03]} 38. Ra7 {[%emt 0:00:01]} Qc5 {[%emt 0:00:25]} 39. Ra8+ {[%emt 0:00:03]} Kf7 {[%emt 0:00:01]} 40. Qb7+ {[%emt 0:00:02]} Qe7 {[%emt 0:00:05]} 41. Qxe7+ {[%emt 0:00:02]} Kxe7 {[%emt 0:00:01]} 42. Rxh8 {[%emt 0:00:01]} f5 {[%emt 0:00:01]} 43. Ra8 {[%emt 0:00:02]} Kf6 {[%emt 0:00:01]} 44. Rxa6 {[%emt 0:00:01]} g5 {[%emt 0:00:01]} 45. Kg2 {[%emt 0:00:00]} g6 {[%emt 0:00:01]} 46. Kf3 {[%emt 0:00:01]} Ke5 {[%emt 0:00:03]} 47. Ke3 {[%emt 0:00:01]} g4 {[%emt 0:00:05]} 48. Ra5+ {[%emt 0:00:02]} Kf6 {[%emt 0:00:02]} 49. Kf4 {[%emt 0:00:00]} g5+ {[%emt 0:00:02]} 50. Ke3 {[%emt 0:00:01]} Kg6 {[%emt 0:00:05]} 51. Kd4 {[%emt 0:00:01]} f4 {[%emt 0:00:04]} 52. Ke5 {[%emt 0:00:03]} fxg3 {[%emt 0:00:02]} 53. fxg3 {[%emt 0:00:01]} Kf7 {[%emt 0:00:02] Timbre resigns} 54. Ra7+ {[%emt 0:00:01] (Lag: Av=1.28s, max=3.2s)} 1-0

[Event "Stay Safe Play From Home 312"]
[Site "Emanuel Lasker Arena"]
[Date "2020.07.17"]
[Round "2"]
[White "Klasman"]
[Black "Dukic"]
[Result "0-1"]
[WhiteElo "1596"]
[BlackElo "1888"]
[Annotator "NA RC"]
[PlyCount "58"]
[EventDate "2020.07.17"]
[EventType "swiss (blitz)"]

1. f4 {[%emt 0:00:01]} d5 {[%emt 0:00:04]} 2. Nf3 {[%emt 0:00:01]} f6 {[%emt 0:00:01]} 3. e3 {[%emt 0:00:03]} Nd7 {[%emt 0:00:05]} 4. c4 {[%emt 0:00:03]} c6 {[%emt 0:00:03]} 5. cxd5 {[%emt 0:00:02]} cxd5 {[%emt 0:00:01]} 6. Nc3 {[%emt 0:00:01]} e6 {[%emt 0:00:08]} 7. Bb5 {[%emt 0:00:06]} a6 {[%emt 0:00:04]} 8. Ba4 {[%emt 0:00:03]} Bd6 {[%emt 0:00:09]} 9. O-O {[%emt 0:00:03]} Ne7 {[%emt 0:00:02]} 10. d4 {[%emt 0:00:02]} O-O {[%emt 0:00:05]} 11. Nh4 {[%emt 0:00:01]} b5 {[%emt 0:00:29]} 12. Bc2 {[%emt 0:00:03]} Nb6 {[%emt 0:00:02]} 13. Qh5 {[%emt 0:00:02]} f5 {[%emt 0:00:25]} 14. Rf3 {[%emt 0:00:10]} Bd7 {[%emt 0:00:05]} 15. Rh3 {[%emt 0:00:02]} Be8 {[%emt 0:00:04]} 16. Qg5 {[%emt 0:00:14]} Rc8 {[%emt 0:00:04]} 17. g4 {[%emt 0:00:10]} b4 {[%emt 0:00:02]} 18. gxf5 {[%emt 0:00:17]} exf5 {[%emt 0:00:03]} 19. Bxf5 {[%emt 0:00:20]} Nxf5 {[%emt 0:00:12]} 20. Nxf5 {[%emt 0:00:27]} Qxg5+ {[%emt 0:00:02]} 21. fxg5 {[%emt 0:00:04]} Rxf5 {[%emt 0:00:01]} 22. Ne2 {[%emt 0:00:02]} Rxg5+ {[%emt 0:00:03]} 23. Ng3 {[%emt 0:00:01]} Rg4 {[%emt 0:00:14]} 24. a3 {[%emt 0:00:17]} bxa3 {[%emt 0:00:08]} 25. bxa3 {[%emt 0:00:05]} Rc2 {[%emt 0:00:02]} 26. Rb1 {[%emt 0:00:05]} Nc4 {[%emt 0:00:02]} 27. Kf1 {[%emt 0:00:17]} Bb5 {[%emt 0:00:13]} 28. Ke1 {[%emt 0:00:09]} Rxh2 {[%emt 0:00:08]} 29. Rxh2 {[%emt 0:00:11]} Bxg3+ {[%emt 0:00:04] Klasman resigns (Lag: Av=0.39s, max=0.5s)} 0-1

[Event "Stay Safe Play From Home 312"]
[Site "Emanuel Lasker Arena"]
[Date "2020.07.17"]
[Round "3"]
[White "Chesstiger9"]
[Black "Haris kollari 13"]
[Result "0-1"]
[WhiteElo "2142"]
[BlackElo "1929"]
[Annotator "NA"]
[PlyCount "96"]
[EventDate "2020.07.17"]
[EventType "swiss (blitz)"]

{Volkov, Yuri} 1. d4 {[%emt 0:00:02]} e6 {[%emt 0:00:01]} 2. Nf3 {[%emt 0:00:01]} d5 {[%emt 0:00:01]} 3. e3 {[%emt 0:00:01]} c5 {[%emt 0:00:01]} 4. Nbd2 {[%emt 0:00:02]} Nc6 {[%emt 0:00:01]} 5. c3 {[%emt 0:00:01]} Bd7 {[%emt 0:00:01]} 6. Bd3 {[%emt 0:00:01]} f5 {[%emt 0:00:02]} 7. h4 {[%emt 0:00:04]} Be7 {[%emt 0:00:02]} 8. h5 {[%emt 0:00:01]} h6 {[%emt 0:00:02]} 9. g4 {[%emt 0:00:04]} fxg4 {[%emt 0:00:12]} 10. Bg6+ {[%emt 0:00:01]} Kf8 {[%emt 0:00:01]} 11. Ne5 {[%emt 0:00:03]} Bf6 {[%emt 0:00:07]} 12. Nf7 {[%emt 0:00:04]} Qc7 {[%emt 0:00:05]} 13. Nxh8 {[%emt 0:00:01]} Nge7 {[%emt 0:00:01]} 14. Bd3 {[%emt 0:00:02]} g3 {[%emt 0:00:05]} 15. Ng6+ {[%emt 0:00:19]} Nxg6 {[%emt 0:00:03]} 16. hxg6 {[%emt 0:00:02]} cxd4 {[%emt 0:00:02]} 17. exd4 {[%emt 0:00:09]} gxf2+ {[%emt 0:00:03]} 18. Kxf2 {[%emt 0:00:02]} e5 {[%emt 0:00:01]} 19. dxe5 {[%emt 0:00:06]} Qxe5 {[%emt 0:00:01]} 20. Nf3 {[%emt 0:00:01]} Qd6 {[%emt 0:00:05]} 21. Be3 {[%emt 0:00:10]} Bg4 {[%emt 0:00:02]} 22. Be2 {[%emt 0:00:05]} Re8 {[%emt 0:00:03]} 23. Bd4 {[%emt 0:00:03]} Nxd4 {[%emt 0:00:22]} 24. cxd4 {[%emt 0:00:02]} Qf4 {[%emt 0:00:05]} 25. Qd3 {[%emt 0:00:17]} Bxd4+ {[%emt 0:00:02]} 26. Kg2 {[%emt 0:00:24]} Re3 {[%emt 0:00:01]} 27. Raf1 {[%emt 0:00:45]} Rxd3 {[%emt 0:00:07]} 28. Nxd4 {[%emt 0:00:01]} Bf3+ {[%emt 0:00:14]} 29. Rxf3 {[%emt 0:00:13]} Rxf3 {[%emt 0:00:02]} 30. Nxf3 {[%emt 0:00:03]} d4 {[%emt 0:00:02]} 31. Rd1 {[%emt 0:00:05]} Qe4 {[%emt 0:00:14]} 32. Kf1 {[%emt 0:00:03]} Qxg6 {[%emt 0:00:02]} 33. Rxd4 {[%emt 0:00:02]} Qb6 {[%emt 0:00:03]} 34. b3 {[%emt 0:00:08]} g5 {[%emt 0:00:02]} 35. Bc4 {[%emt 0:00:05]} h5 {[%emt 0:00:08]} 36. Rd5 {[%emt 0:00:05]} g4 {[%emt 0:00:02]} 37. Nd4 {[%emt 0:00:10]} h4 {[%emt 0:00:05]} 38. Rf5+ {[%emt 0:00:02]} Ke7 {[%emt 0:00:07]} 39. Rf7+ {[%emt 0:00:01]} Ke8 {[%emt 0:00:04]} 40. Nf5 {[%emt 0:00:05]} h3 {[%emt 0:00:09]} 41. Ng7+ {[%emt 0:00:01]} Kd8 {[%emt 0:00:02]} 42. Ne6+ {[%emt 0:00:02]} Kc8 {[%emt 0:00:07]} 43. Rf8+ {[%emt 0:00:06]} Kd7 {[%emt 0:00:01]} 44. Rd8+ {[%emt 0:00:01]} Ke7 {[%emt 0:00:01]} 45. Rh8 {[%emt 0:00:04]} Qe3 {[%emt 0:00:04]} 46. Rh7+ {[%emt 0:00:03]} Kd6 {[%emt 0:00:03]} 47. Rf7 {[%emt 0:00:03]} g3 {[%emt 0:00:05]} 48. Nd8 {[%emt 0:00:05]} g2# {[%emt 0:00:01] (Lag: Av=0.39s, max=1.3s)} 0-1

[Event "Stay Safe Play From Home 312"]
[Site "Emanuel Lasker Arena"]
[Date "2020.07.17"]
[Round "3"]
[White "Dukic"]
[Black "Lazieri3"]
[Result "1-0"]
[WhiteElo "1893"]
[BlackElo "2045"]
[Annotator "TA"]
[PlyCount "123"]
[EventDate "2020.07.17"]
[EventType "swiss (blitz)"]

{[%evp 9,122,53,91,68,105,86,74,79,94,93,108,78,87,57,63,61,75,39,94,24,102,97,198,198,198,198,198,186,198,195,226,237,295,294,387,376,371,353,429,345,335,342,445,442,436,436,424,423,521,521,721,718,710,711,708,704,654,621,618,501,491,442,618,635,729,730,934,923,922,904,905,905,835,814,12837,5601,12842,12843,12843,12843,29979,11796,29992,12844,29992,12835,29992,12840,12843,12840,29988,29989,29987,12841,29990,12846,29995,12846,29996,12848,29995,12847,29994,12848,29993,29994,29995,12848,29995,29994,29994,12849,29998,29999,29999]} 1. c4 c6 2. Nc3 d5 3. cxd5 Nf6 4. dxc6 Nxc6 5. Nf3 Bf5 {[#]} 6. d3 $146 {A11: English Opening: 1...c6.} (6. d4 {is interesting.} e6 7. e3 Bb4 8. Be2 Ne4 9. Bd2) ({Predecessor:} 6. g3 h6 7. Bg2 e6 8. Qa4 Qb6 9. Ne5 Rc8 10. Nxc6 bxc6 11. O-O Be7 12. e4 {1-0 (42) Hecker,E-Leonhardt,G Buende 1949}) 6... e6 7. g3 h6 8. Bg2 {White is better.} Bb4 9. O-O O-O 10. Qb3 Qe7 11. Bf4 Rfd8 12. Rac1 Rac8 13. a3 Ba5 (13... Bxc3 $14 14. bxc3 (14. Qxc3 e5 $14) 14... e5) 14. Rfd1 ({White should play} 14. Ne5 $16) 14... Bb6 {[#]} (14... e5 $11 {keeps the balance.} 15. Bd2 a6) 15. Na4 $1 $16 {White leaves nothing to chance now.} Bc7 (15... Bd4 $16 {was worth a try.}) 16. Qxb7 $18 Bxf4 17. Qxe7 Nxe7 18. gxf4 Nh5 19. Rxc8 Rxc8 {[#]} 20. e3 $1 Rc2 21. Nd4 Rc7 22. b4 Nf6 23. Nc5 a5 24. Rb1 axb4 25. axb4 Ned5 26. e4 Nxb4 27. Rxb4 ({But not} 27. exf5 Rxc5 28. Rxb4 exf5 $18) 27... Rxc5 28. exf5 Rc1+ 29. Bf1 Nd5 30. Rb8+ Kh7 31. fxe6 fxe6 32. Nxe6 Kg6 33. Kg2 Kf6 34. Nd4 Nxf4+ 35. Kf3 Ng6 36. Be2 Ne5+ 37. Ke3 g6 38. Rb6+ Kf7 39. f4 Nd7 40. Rb7 Ke8 41. Bf3 Re1+ 42. Kf2 Ra1 43. Bc6 Ra2+ 44. Ke3 Ke7 45. Bxd7 (45. Rxd7+ $142 Kf8 46. Ne6+ Kg8 47. Bd5 Ra5 48. Bc4 Rf5 49. Ng7+ Kf8 50. Nxf5) 45... Kf6 46. Bg4 (46. Be6 $142 Re2+ 47. Kxe2 g5 48. Rf7+ Kg6 49. Nf3 g4 50. Ne5+ {[%mdl 64] Double Attack} Kh5 51. Bxg4+ Kh4 52. Kf3 h5 53. Ng6#) 46... h5 47. Rb6+ (47. Be6 $142 Re2+ 48. Kxe2 g5 49. Rf7+ Kg6 50. Nf3 gxf4 51. Ne5+ Kg5 52. Bf5 Kh6 53. Nf3 h4 54. Rh7#) 47... Kf7 48. Bf3 (48. Be6+ $142 Ke7 49. Bxa2 Kd7 50. Rb7+ Kd8 51. Ra7 g5 52. fxg5 Ke8 53. Bf7+ {[%mdl 64] Double Attack} Kd8 54. Nc6+ Kc8 55. Be6#) 48... Rxh2 49. Be4 h4 50. Bxg6+ Ke7 51. Be4 (51. f5 $142 Rh3+ 52. Kf4 Rh1 53. f6+ Kd7 54. f7 Rf1+ 55. Nf3 Rxf3+ 56. Kxf3) 51... h3 52. Nf5+ (52. f5 $142 Rb2 53. Rxb2 h2 54. Rxh2 Kf7 55. Rh6 Kg8 56. f6 Kf7 57. Bd5+ Ke8 58. Be6 Kd8 59. Nb5 Ke8 60. Rh8#) 52... Kf7 {[#]} 53. Rh6 $1 Kf8 54. d4 (54. Rh8+ $142 Kf7 55. Bd5+ Kg6 56. Rh6+ Kxf5 57. Be6#) 54... Kf7 55. d5 (55. Rh7+ $142 Kf8 56. Rh8+ Kf7 57. Bd5+ Kg6 58. Rh6+ Kxf5 59. Be6#) 55... Kf8 56. Kd4 (56. d6 $142 Ke8 57. Bc6+ Kf7 58. d7 Re2+ 59. Kxe2 Kg8 60. d8=Q+ Kf7 61. Rf6#) 56... Rd2+ 57. Ke5 h2 58. d6 (58. Ke6 $142 Kg8 59. Kf6 h1=Q 60. Rxh1 Rf2 61. Ne7+ Kf8 62. Rh8#) 58... Kf7 59. Rh7+ Kf8 60. Kf6 (60. Rh8+ $142 Kf7 61. Nh6+ Kg7 62. Rh7+ Kf8 63. Rf7+ Ke8 64. Bc6+ Kd8 65. Rf8#) 60... Kg8 61. Ne7+ Kf8 62. Rh8# {Accuracy: White = 75%, Black = 47%.} 1-0